zpět

Detail výsledku týmu

Pivnice Zahrada, Ostrava

Datum a čas kvízu

33.5 Celkem bodů Celkový počet nahraných bodů na tomto kvízu bez doplňovacích otázek.
3. Pořadí na kvízu Konečné umístění týmu na tomto kvízu.

Zaznamenané odpovědi

# Otázka Odpověď Body Výsledky
1. V sobotu se uskutečnila vzpomí... Panenské Břežany 0
2. Co neobvyklého přistálo ve čtv... C) kontejnerová loď 0
3. V pondělí nalezli francouzští... Jim Morrison 1
4. Kmen Marubo z Amazonského pral... C) na pornu 0
5. O víkendu se poblíž jednoho mě... Nové Město na Moravě 1
6. V tomto tématu se podíváme na... Robert Kennedy 1
7. Jak se jmenuje tento muž? Opět... Casey Affleck 0
8. Tentokrát nás zajímá příjmení... Hana Brejchová; Lásky jedné plavovlásky 0.5
9. Jak se jmenuje tento muž? Tent... Etzler; novinář 1
10. Napište jméno a příjmení tohot... Ralf Schumacher 1